|
|
|
|
| LEADER |
01678nam a2200397 i 4500 |
| 001 |
EBC5109941 |
| 003 |
MiAaPQ |
| 005 |
20200520144314.0 |
| 006 |
m o d | |
| 007 |
cr cnu|||||||| |
| 008 |
171122t20172017gw a ob 000 0 eng d |
| 020 |
|
|
|z 9783737603461
|
| 020 |
|
|
|a 9783737603478 (e-book)
|
| 035 |
|
|
|a (MiAaPQ)EBC5109941
|
| 035 |
|
|
|a (Au-PeEL)EBL5109941
|
| 035 |
|
|
|a (CaPaEBR)ebr11458162
|
| 035 |
|
|
|a (OCoLC)1007700766
|
| 040 |
|
|
|a MiAaPQ
|b eng
|e rda
|e pn
|c MiAaPQ
|d MiAaPQ
|
| 050 |
|
4 |
|a QC931
|b .K878 2017
|
| 082 |
0 |
|
|a 551.6418
|2 23
|
| 100 |
1 |
|
|a Kurt, Melih,
|e author.
|
| 245 |
1 |
0 |
|a Development of an offshore specific wind power forecasting system /
|c Melih Kurt.
|
| 264 |
|
1 |
|a Kassel, [Germany] :
|b kassel university press GmbH,
|c 2017.
|
| 264 |
|
4 |
|c 2017
|
| 300 |
|
|
|a 1 online resource (200 pages) :
|b illustrations
|
| 336 |
|
|
|a text
|2 rdacontent
|
| 337 |
|
|
|a computer
|2 rdamedia
|
| 338 |
|
|
|a online resource
|2 rdacarrier
|
| 504 |
|
|
|a Includes bibliographical references.
|
| 588 |
|
|
|a Description based on online resource; title from PDF title page (ebrary, viewed November 22, 2017).
|
| 590 |
|
|
|a Electronic reproduction. Ann Arbor, MI : ProQuest, 2016. Available via World Wide Web. Access may be limited to ProQuest affiliated libraries.
|
| 650 |
|
0 |
|a Wind forecasting.
|
| 655 |
|
4 |
|a Electronic books.
|
| 776 |
0 |
8 |
|i Print version:
|a Kurt, Melih.
|t Development of an offshore specific wind power forecasting system.
|d Kassel, [Germany] : kassel university press GmbH, c2017
|h xvi, 182 pages
|z 9783737603461
|
| 797 |
2 |
|
|a ProQuest (Firm)
|
| 856 |
4 |
0 |
|u https://ebookcentral.proquest.com/lib/matrademy/detail.action?docID=5109941
|z Click to View
|